| 000 | 00556nam a2200205 a 4500 | ||
|---|---|---|---|
| 005 | 20140310183535.0 | ||
| 008 | 111014s19uu xx 00 eng d | ||
| 020 | _a9789712722585 | ||
| 020 | _a9789712723520 | ||
| 050 |
_aHF 5415.1265 _b.G165 2010 |
||
| 100 | _aGarcia, Leonardo R. | ||
| 245 |
_ae-Marketing / _cLeonardo Gracia. |
||
| 250 | _arev. ed. | ||
| 260 |
_aPasig City, Philippines : _bAnvil Publishing, _c2010. |
||
| 300 |
_a317 p. : _c26 cm. |
||
| 521 | _aBSBA | ||
| 650 | _aInternet marketing | ||
| 942 |
_cBK _2lcc _kLOC |
||
| 999 |
_c24715 _d24715 |
||